[Event "Joao Pessoa de Assis Memorial 3rd"]
[Site "Joao Pessoa"]
[Date "2023.10.22"]
[Round "6"]
[White "De Souza, Raimunda Claudia Re"]
[Black "Torres, Manuela Araujo"]
[Result "1-0"]
[WhiteElo "1563"]
[BlackElo "1446"]
[PlyCount "81"]
[EventDate "2023.10.20"]
[EventType "swiss"]
[EventRounds "6"]
[EventCountry "BRA"]
[SourceTitle "Mega2024 Update 01"]
[Source "Chessbase"]
[SourceDate "2023.11.12"]
[SourceVersion "1"]
[SourceVersionDate "2023.11.12"]
[SourceQuality "1"]

1. e4 e5 2. Bc4 c6 3. Nc3 Nf6 4. Nf3 d5 5. exd5 cxd5 6. Bb3 e4 7. Nd4 Bc5 8. Nce2 0-0 9. h3 Nc6 10. Nxc6 bxc6 11. 0-0 a5 12. a3 Re8 13. Re1 a4 14. Ba2 Qb6 15. Rf1 Bd6 16. b4 axb3 17. Bxb3 Be5 18. Rb1 Rb8 19. d3 Qc7 20. d4 Bd6 21. a4 Re6 22. Be3 Nh5 23. Nc3 Nf4 24. Ne2 Rg6 25. Nxf4 Bxf4 26. Kh1 Bd6 27. f3 Qe7 28. fxe4 Qxe4 29. Qf3 Rf6 30. Qxe4 Rxf1+ 31. Rxf1 dxe4 32. Bxf7+ Kh8 33. Bb3 Ba6 34. Rf7 h6 35. g4 Rb7 36. Rxb7 Bxb7 37. Kg2 g5 38. Be6 Bf4 39. Kf2 Kg7 40. Bf5 Kf7 41. Bxe4 1-0

[Event "Joao Pessoa de Assis Memorial 3rd"]
[Site "Joao Pessoa"]
[Date "2023.10.20"]
[Round "1"]
[White "Torres, Manuela Araujo"]
[Black "Batista, Davi de Azevedo"]
[Result "0-1"]
[WhiteElo "1446"]
[BlackElo "1816"]
[PlyCount "76"]
[EventDate "2023.10.20"]
[EventType "swiss"]
[EventRounds "6"]
[EventCountry "BRA"]
[SourceTitle "Mega2024 Update 01"]
[Source "Chessbase"]
[SourceDate "2023.11.12"]
[SourceVersion "1"]
[SourceVersionDate "2023.11.12"]
[SourceQuality "1"]

1. e4 c5 2. Nf3 e6 3. d4 cxd4 4. Nxd4 a6 5. Bc4 b5 6. Bb3 Bb7 7. Qd3 Nf6 8. Nd2 Bc5 9. 0-0 Qc7 10. c3 Nc6 11. N2f3 Nxd4 12. cxd4 Bxe4 13. Qc3 Bd6 14. Qxc7 Bxc7 15. Bd1 0-0 16. a3 d5 17. Bg5 Nd7 18. Rc1 Bb6 19. Ne5 Nxe5 20. dxe5 Bd4 21. Be7 Rfe8 22. Rc7 Bxe5 23. Rd7 Bxb2 24. Bh5 g6 25. Be2 Bc2 26. Rc7 Bb3 27. Rb1 Be5 28. Rd7 Bc4 29. Bxc4 bxc4 30. Bd6 Bxd6 31. Rxd6 Reb8 32. Rc1 Rb3 33. Kf1 Rxa3 34. Ke2 a5 35. Rb6 Rb3 36. Rb1 a4 37. Kd2 a3 38. R6xb3 cxb3 0-1